Harry Potter: Tous les modèles de balais volant - Statistiques

Statistiques générales
  • Ce quiz a été pris 155 fois
  • Le résultat moyen est 3 sur 16
Statistiques - réponses
Hint Réponse % Correct
14 Nimbus (1000, 1001, 1500, 1700, 2000, 2001)
100%
5 Éclair de Feu
89%
3 Brossdur (1, 2, 3, 5, 6, 7, 11)
42%
4 Comète (140, 180, 260, 290)
39%
7 Étoile filante
20%
8 Flèche d'Argent
11%
9 Feuopoudre
7%
10 Friselune
6%
11 Lancechêne 79
6%
12 Manchevif
6%
6 Éclair de Feu Suprême
5%
1 Balétoile XXI
4%
2 Bombe bleue
4%
13 Margotin 90
4%
15 Varápidos
4%
16 Yajirushi
3%
Aucun quiz correspondant
Distribution des résultats
% des personnes avec chaque résultat
Percentile par nombre de réponses
Votre historique - résultats
Vous n’avez pas pris ce quiz